<?xml version="1.0" encoding="UTF-8"?>
<record
    xmlns:xsi="http://www.w3.org/2001/XMLSchema-instance"
    xsi:schemaLocation="http://www.loc.gov/MARC21/slim http://www.loc.gov/standards/marcxml/schema/MARC21slim.xsd"
    xmlns="http://www.loc.gov/MARC21/slim">

  <leader>01485nam a2200289 a 4500</leader>
  <controlfield tag="001">2928493</controlfield>
  <controlfield tag="003">ZMNBVFGGT</controlfield>
  <controlfield tag="005">20220326193253.0</controlfield>
  <controlfield tag="008">891227s1989    nyua     b    001 0 eng  </controlfield>
  <datafield tag="010" ind1=" " ind2=" ">
    <subfield code="a">   89052177 </subfield>
  </datafield>
  <datafield tag="020" ind1=" " ind2=" ">
    <subfield code="a">0500201862 :</subfield>
    <subfield code="c">$11.95</subfield>
  </datafield>
  <datafield tag="040" ind1=" " ind2=" ">
    <subfield code="a">DLC</subfield>
    <subfield code="c">DLC</subfield>
  </datafield>
  <datafield tag="050" ind1="0" ind2="0">
    <subfield code="a">N6490</subfield>
    <subfield code="b">.C65617 1989</subfield>
  </datafield>
  <datafield tag="082" ind1="0" ind2="0">
    <subfield code="a">709.04</subfield>
    <subfield code="b">C744c</subfield>
  </datafield>
  <datafield tag="245" ind1="0" ind2="0">
    <subfield code="a">Concepts of modern art.</subfield>
  </datafield>
  <datafield tag="250" ind1=" " ind2=" ">
    <subfield code="a">Rev. and enl. ed. /</subfield>
    <subfield code="b">edited by Nikos Stangos.</subfield>
  </datafield>
  <datafield tag="260" ind1=" " ind2=" ">
    <subfield code="a">New York, N.Y. :</subfield>
    <subfield code="b">Thames and Hudson,</subfield>
    <subfield code="c">1985</subfield>
  </datafield>
  <datafield tag="300" ind1=" " ind2=" ">
    <subfield code="a">384 p. :</subfield>
    <subfield code="b">ill. ;</subfield>
    <subfield code="c">21 cm.</subfield>
  </datafield>
  <datafield tag="440" ind1=" " ind2="0">
    <subfield code="a">World of art</subfield>
    <subfield code="9">774</subfield>
  </datafield>
  <datafield tag="504" ind1=" " ind2=" ">
    <subfield code="a">Includes bibliographical references (p. [373]-377) and index.</subfield>
  </datafield>
  <datafield tag="505" ind1=" " ind2=" ">
    <subfield code="t">Preface. Nikos Stangos</subfield>
    <subfield code="t">Fauvism. Sarah Whitfield</subfield>
    <subfield code="t">Expressionism. Norbert Lynton</subfield>
    <subfield code="t">Cubism. John Golding</subfield>
    <subfield code="t">Purism. Christopher Green</subfield>
    <subfield code="t">Orphism. Virginia Spate</subfield>
    <subfield code="t">Futurism. Norbert Lynton</subfield>
    <subfield code="t">Vorticism. Paul Overy</subfield>
    <subfield code="t">Dada and Surrealism. Dawn Ades</subfield>
    <subfield code="t">Suprematism. Aaron Scharf</subfield>
    <subfield code="t">De Stijl. Kenneth Frampton</subfield>
    <subfield code="t">Constructivism. Aaron Scharf</subfield>
    <subfield code="t">Abstract Expressionism. Charles Harrison</subfield>
    <subfield code="t">Kinetic Art. Cyril Barret</subfield>
    <subfield code="t">Pop Art. Edward Lucie-Smith</subfield>
    <subfield code="t">Op Art. Jasia Reichardt</subfield>
    <subfield code="t">Minimalism. Suzi Gablik</subfield>
    <subfield code="t">Conceptual Art. Robert Smith</subfield>
    <subfield code="t">The Plates List of Illustrations Select Bibliographies Index</subfield>
  </datafield>
  <datafield tag="650" ind1=" " ind2="0">
    <subfield code="a">Art, Modern</subfield>
    <subfield code="y">20th century.</subfield>
    <subfield code="9">121</subfield>
  </datafield>
  <datafield tag="650" ind1=" " ind2="0">
    <subfield code="a">Arte moderno</subfield>
    <subfield code="y">S. XX</subfield>
    <subfield code="x">arte</subfield>
    <subfield code="9">777</subfield>
  </datafield>
  <datafield tag="700" ind1="1" ind2=" ">
    <subfield code="a">Stangos, Nikos.</subfield>
    <subfield code="9">778</subfield>
  </datafield>
  <datafield tag="906" ind1=" " ind2=" ">
    <subfield code="a">7</subfield>
    <subfield code="b">cbc</subfield>
    <subfield code="c">orignew</subfield>
    <subfield code="d">2</subfield>
    <subfield code="e">ocip</subfield>
    <subfield code="f">19</subfield>
    <subfield code="g">y-gencatlg</subfield>
  </datafield>
  <datafield tag="999" ind1=" " ind2=" ">
    <subfield code="c">160</subfield>
    <subfield code="d">160</subfield>
  </datafield>
  <datafield tag="952" ind1=" " ind2=" ">
    <subfield code="0">0</subfield>
    <subfield code="1">0</subfield>
    <subfield code="2">ddc</subfield>
    <subfield code="4">0</subfield>
    <subfield code="7">0</subfield>
    <subfield code="a">LV</subfield>
    <subfield code="b">LV</subfield>
    <subfield code="c">Pensamiento</subfield>
    <subfield code="d">2014-05-23</subfield>
    <subfield code="l">0</subfield>
    <subfield code="o">709.04 C744c</subfield>
    <subfield code="p">000489</subfield>
    <subfield code="r">2014-05-23 00:00:00</subfield>
    <subfield code="w">2014-05-23</subfield>
    <subfield code="y">01</subfield>
  </datafield>
</record>
